000 01910nam a2200289Ia 4500
001 K0259
003 IT-RoPAU
008 130308s9999 xx 000 0 und d
040 _aIT-RoPAU
040 _cIT-RoPAU
041 _aITALIANO
100 _aRizzi Aldo
100 _gCodice Aut. SPICS: 59685
245 _aPittura veneta del Seicento in Friuli
245 _bPittura veneta del Seicento in Friuli
250 _a1a ed.
260 _a UDINE
260 _bDoretti Editore
260 _c1968 [1° Ed.:1968 - Ed.Ling.Originale:1968]
300 _a"236 p. (prefazione: 64; testo: 172 [pagine: 0-0])"
500 _a"Catalogo della mostra Tenutasi a Udine, Chiesa di S. Francesco, 8 settembre 17 Novembre 1968. Saggio Introduttivo di R. Pallucchini. 84 Illustrazioni I bianco e Nero e a Colori di Autori vari tra I Quali; Antonio Balestra; Niccolo' Bambini; Sebastiano Bombelli; Antonio Carneo; Giulio Carpioni; Andrea Celesti; Giovanni Coli e Filippo Gherardi; Giuseppe Cosattini; Pietro Damini; Domenico Fetti; Isacco Fischer; tommaso Formenti; Luca Giordano; Giuseppe Heintz Il Giovane; Giovanni Heiss; Gian Battista Langetti; Gregorio Lazzarini; Marco Liberi; Pietro Liberi; Francesco Maffei; Sebastiano Mazzoni; Pier Francesco Mola; Antonio Molinari; Alessandro Varotari Detto Padovanino; Jacopo Palma Il Giovane; Paolo Paoletti; Sante Peranda; Francesco Pittoni; Matteo Ponzone; Giulio Quaglio; Niccolo' Renieri; Pietro Ricchi; Sebastiano Ricci; Francesco Rosa; Francesco Ruschi; Giovanni Segala; Bernardo Strozzi; Pietro Muttoni Detto della Vecchia; Maffeo da Verona; Andrea Vicentino. "
650 _aSTORIA NAZIONALE DELLA PITTURA
650 _eCodice materia Spics: 5209
942 _cBK
957 _71
999 _c77293
_d77293
999 _g1